000 00670nam a2200217 a 4500
999 _c12075
_d12075
003 BD-JhCC
005 20210311140356.0
008 210311b20042018bg a|||| ||a| 000 0 mul d
020 _a984702770064X
035 _a(BD-JhCC)
040 _aBD-JhCC
_dBD-JhCC
041 _amul
082 _a005.369
_bASH 2018
100 _aAshraf, Bappi
245 _aমাষ্টারিং মাইক্রোসফট এক্সেল
_cBappi Ashraf
260 _aঢাকা :
_bজ্ঞানকোষ প্রকাশনী;
_c২০১৮.
300 _a432 p. :
_bill
_c22 cm.
650 _aMicrosoft Excel (Computer file)
942 _2ddc
_cBK